MDQL
is popping MORE tags! Check the
thread
!
Quizzes
Events
Quiz Creation
Community
Videos
Private Events
Remove Ads
Sign In
Join for FREE
Feedback
Dark Mode
Quiz Categories
Sports
Geography
Music
Movies
Television
Just For Fun
Miscellaneous
History
Literature
Language
Science
Gaming
Entertainment
Religion
Holiday
For Kids
Quiz Lab
Recent
Popular Today
Quiz Kudos Today
Editor Picks
Curator Picks
Quizzes by...
Day
Popularity
Type
Ratings
Length
Year
Community
Subscriptions
Recent Discussions
Orange Saloon
Badges
Playlists
Quests
Create
Leaderboards
Showdown
Live 5
Trivia Bingo
Activity
Puzzle Library
Sporcle Events
Private Events
Virtual Trivia
Globe League
Become a Host
Pub Owners
SporcleCon
Opinionation
Our Games
Videos
Blog
Mobile Apps
Partnerships
Remove Ads and Go Orange
Feedback
Movies
Disney
Marvel Cinematic Universe
Movie Resume
Movie Titles
Oscar
Actor
Actress
Director
Pixar
Role
Movie Quotes
Movie Characters
Box Office
Nominee
Best Picture
Star Wars
James Bond
Horror Movies
Movies
Disney
Marvel Cinematic Universe
Movie Resume
Movie Titles
Oscar
Actor
Actress
Director
Pixar
Role
Movie Quotes
Movie Characters
Box Office
Nominee
Best Picture
Star Wars
James Bond
Horror Movies
Random Quiz
Search Sporcle
×
Quiz Lab
Quiz Lab
Movies
iconic
Type in answers that appear in a list
Type in answers that appear in a list
Classic
Best Score? Go Orange.
Iconic Movie Villains Stats
Can you name the iconic movie villains?
By
TheNorHoop
7m
20 Questions
254 Plays
254 Plays
254 Plays
Comments
Comments
Give Quiz Kudos
Give Quiz Kudos
-
- Ratings
hide this ad
Forced Order
Answers have to be entered in order
Answers have to be entered in order
Replay
Link that replays current quiz
Next Quiz
Link to next quiz in quiz playlist
You Got
0%
They Got
Avg Score
73%
Avg Friend Score
Upgrade to see
Score Distribution
Jump to the score distribution portion of the page
Score
0/20
Timer
07:00
0
Plays Today
Movie
Villain
% Correct
Star Wars (1977)
Darth Vader
95.7%
The Harry Potter movies (2005–2011)
Lord Voldemort
92.1%
The Dark Knight (2008)
The Joker
92.1%
The Silence of the Lambs (1991)
Hannibal Lecter
91.7%
The Wizard of Oz (1939)
The Wicked Witch of the West
91.3%
A Nightmare on Elm Street (1984)
Freddy Krueger
90.2%
Psycho (1960)
Norman Bates
89.8%
Halloween (1978)
Michael Myers
85%
The Texas Chain Saw Massacre (1974)
Leatherface
81.9%
Saw (2004)
Jigsaw
79.9%
Movie
Villain
% Correct
Die Hard (1988)
Hans Gruber
69.3%
2001: A Space Odyssey (1968)
HAL 9000
67.3%
The Shining (1980)
Jack Torrance
67.3%
Wall Street (1987)
Gordon Gekko
65%
Seven (1995)
John Doe
60.6%
The Omen (1976)
Damien Thorn
59.8%
Misery (1990)
Annie Wilkes
52.4%
The Exorcist (1973)
Regan MacNeil
44.1%
No Country for Old Men (2007)
Anton Chigurh
42.9%
Inglourious Basterds (2009)
Hans Landa
41.7%
Quiz Playlist
Details
Report
Send in Message
Add To Playlist
Classic:
Type in answers that appear in a list
Forced Order:
Answers have to be entered in order
Last Updated: Feb 16, 2017
Quiz Scoreboard
CHALLENGE
Sign Up to Join the Scoreboard
Show All
Scores
Hide
Comments
May contain spoilers
Recently Published
1-10 Letter E Words III
by El_Dandy
Language
2m
Street Fighter Characters
by Artimus82
Gaming
60s
College Basketball Coaching Resumes
by pancakes188
Sports
9m
More to Explore
Quiz From the Vault
Featured Blog Post
Where Did the Easter Bunny Come From?
hide this ad
You Might Also Like...
Tags
iconic
Villains
Today's Top Quizzes in Movies
Browse Movies
hide this ad
Today's Top Quizzes in iconic
Browse iconic
Top Contributed Quizzes in Movies
1
Pick 5 Posters: Directed by Spielberg
2
7-to-1: Pixar Characters
3
Hidden Star Wars Character II
4
Pick 5 Posters: Lowest-Rated Spielberg
5
Hidden Star Wars Character III
6
Sorting Actors
7
Sorting Actresses
8
Hidden Star Wars Character IV
9
Pick 5 Posters: Directed by Scorsese
10
Hidden Star Wars Character V
Explore More
Trending Topics
NBA
Kpop
Disney
Anime
Marvel
Harry Potter
Crossword
Puzzle
NFL
The Office
Pokémon
WWE
Song
Soccer
Country
hide this ad
More By:
TheNorHoop
Quiz
Plays
Rating
Category
Featured
Created
Most popular sodas in the world (2012)
23,729
1.45
Miscellaneous
Apr 5, 2013
Travel with me!
413
2.23
Geography
Mar 19, 2013
Iconic Movie Villains
254
4.13
Movies
Apr 11, 2013
NFL-Mascots
245
3.67
Sports
Nov 8, 2013
Name cities by famous building
234
3.80
Geography
Apr 3, 2013
Go to Creator's Profile
Score Distribution
Quiz Creator Spotlight
TheNorHoop
Follow
Send a Message
Quizzes Created
-
Created Quiz Play Count
-
More By This Creator
Popular Quizzes Today
1
Find the US States - No Outlines Minefield
2
Find the Countries of Europe - No Outlines Minefield
3
The Countries of the World
4
Find the US States
5
Risky Map Clicking: Biggest States A-Z
6
US States
7
Popular People in 1961
8
Movies - When Are They Set?
More Movies Quizzes
Acrostic Movie Puzzle: Horror Movies
Editor's Pick
Trending Quizzes
Risky Map Clicking: Least Populous States A-Z
Billboard Blitz: Aretha Franklin
1-10 Letter G Words
Countries of the World: 200 Million BC
1-10 Letter F Words
Recently Updated
Leaping Animals
pecheneg
Reality TV Shows (A-Z)
bhenderson79
Rickey Henderson's Hall of Fame Teammates
pecheneg
Champions League XIs: Arsenal
pecheneg
Quick Pick: Celebrities in WWE's Hall of Fame
aduchscher
A-Z Keypad Blitz II
pecheneg
Multiple Oscar Actors
pecheneg
Mystery Phrase Blitz: Oscar 'Best Actors'
pecheneg
F. Scott Fitzgerald Novels
LTH
Pick 3 Villains
ddd62291
Trending Topics
Anime
Crossword
Marvel
NBA
Kpop
Disney
Harry Potter
NFL
WWE
The Office
Pokémon
Puzzle
Soccer
Song
Country
Your Account Isn't Verified!
In order to create a playlist on Sporcle, you need to verify the email address you used during registration. Go to your
Sporcle Settings
to finish the process.
Report this User
Report this user for behavior that violates our
Community Guidelines
.
Details:
Send Report
Go to the Sporcle.com Mobile Site →
Comments